The Commercial Theater Institute guide to producing plays and musicals / (Record no. 126923)

MARC details
000 -LEADER
campo de control de longitud fija 02654cam a22004334a 4500
001 - NÚMERO DE CONTROL
campo de control 14455301
003 - IDENTIFICADOR DE NÚMERO DE CONTROL
campo de control BJBSDDR
005 - FECHA Y HORA DE LA ÚLTIMA TRANSACCIÓN
campo de control 20260424122124.0
007 - CAMPO FIJO DE DESCRIPCIÓN FÍSICA--INFORMACIÓN GENERAL
campo de control de longitud fija ta
008 - DATOS DE LONGITUD FIJA--INFORMACIÓN GENERAL
campo de control de longitud fija 060717s2006 nyua b 001 0deng
010 ## - NÚMERO DE CONTROL DE LA BIBLIOTECA DEL CONGRESO
Número de control de LC 2006023523
020 ## - NÚMERO INTERNACIONAL ESTÁNDAR DEL LIBRO
Número Internacional Estándar del Libro 9781557836526
Información calificativa pbk. original
020 ## - NÚMERO INTERNACIONAL ESTÁNDAR DEL LIBRO
Número Internacional Estándar del Libro 1557836523
Información calificativa pbk. original
035 ## - NÚMERO DE CONTROL DEL SISTEMA
Número de control de sistema 14455301
040 ## - FUENTE DE CATALOGACIÓN
Centro catalogador/agencia de origen DLC
Centro/agencia transcriptor DLC
Centro/agencia modificador DLC
Lengua de catalogación eng
041 ## - CÓDIGO DE IDIOMA
Código de lengua del texto/banda sonora o título independiente eng
043 ## - CÓDIGO DE ÁREA GEOGRÁFICA
Código de área geográfica n-us---
050 00 - SIGNATURA TOPOGRÁFICA DE LA BIBLIOTECA DEL CONGRESO
Número de clasificación PN2053
Número de ítem C734c 2006
082 00 - NÚMERO DE LA CLASIFICACIÓN DECIMAL DEWEY
Número de clasificación 792.02/32
Número de edición 22
245 04 - MENCIÓN DEL TÍTULO
Título The Commercial Theater Institute guide to producing plays and musicals /
Mención de responsabilidad, etc. edited by Frederic B. Vogel and Ben Hodges.
260 ## - PUBLICACIÓN, DISTRIBUCIÓN, ETC.
Lugar de publicación, distribución, etc. New York :
Nombre del editor, distribuidor, etc. Applause Theatre & Cinema Books,
Fecha de publicación, distribución, etc. c2006.
300 ## - DESCRIPCIÓN FÍSICA
Extensión 404 p. :
Otras características físicas ill. ;
Dimensiones 23 cm.
336 ## - TIPO DE CONTENIDO
Término de tipo de contenido text
Código de tipo de contenido txt
Fuente rdacontent
337 ## - TIPO DE MEDIO
Nombre/término del tipo de medio unmediated
Código del tipo de medio n
Fuente rdamedia
338 ## - TIPO DE SOPORTE
Nombre/término del tipo de soporte volume
Código del tipo de soporte nc
Fuente rdacarrier
504 ## - NOTA DE BIBLIOGRAFÍA, ETC.
Nota de bibliografía, etc. Includes bibliographical references and index.
520 ## - RESUMEN, ETC.
Sumario, etc. Now in its 25th year, the Commercial Theater Institute sponsors an annual intensive program in New York for individuals interested in producing or investing in the theatre that attracts people from all over the world. The top working theatre professionals offer hard, factual information to those interested in producing for Broadway, Off-Broadway, Off-Off-Broadway, anywhere in North America, as well as in the United Kingdom. The Commercial Theater Institute Guide to Producing Plays and Musicals now collects for the first time the cream of the crop of that advice, from the noted theatre professionals who participate in the program, in their own words. Interviews, contributions, and a resource directory are included from 30 theatre professionals who have won a total of 45 Tony Awards. Agents, directors, production designers, general managers, fundraisers, marketing directors, producers, and theatrical attorneys all offer invaluable advice in a book that will be the definitive resource in its field
650 #0 - PUNTO DE ACCESO ADICIONAL DE MATERIA--TÉRMINO DE MATERIA
Término de materia o nombre geográfico como elemento de entrada Theater
Subdivisión general Production and direction.
650 #0 - PUNTO DE ACCESO ADICIONAL DE MATERIA--TÉRMINO DE MATERIA
Término de materia o nombre geográfico como elemento de entrada Musicals
Subdivisión general Production and direction.
650 #0 - PUNTO DE ACCESO ADICIONAL DE MATERIA--TÉRMINO DE MATERIA
Término de materia o nombre geográfico como elemento de entrada Theatrical producers and directors
Subdivisión geográfica United States
Subdivisión de forma Interviews.
700 1# - ENTRADA AGREGADA--NOMBRE PERSONAL
Nombre de persona Vogel, Frederic B.,
Fechas asociadas al nombre 1925-2005
9 (RLIN) 48126
700 1# - ENTRADA AGREGADA--NOMBRE PERSONAL
Nombre de persona Hodges, Ben,
Fechas asociadas al nombre 1958-
Forma completa/desarrollada del nombre (Benjamin A.)
9 (RLIN) 48128
710 2# - ENTRADA AGREGADA--NOMBRE DE ENTIDAD CORPORATIVA
Nombre de entidad corporativa o nombre de jurisdicción como elemento de entrada Commercial Theater Institute.
856 41 - LOCALIZACIÓN Y ACCESO ELECTRÓNICOS
Materiales especificados Table of contents only
Identificador Uniforme de Recursos <a href="http://www.loc.gov/catdir/toc/ecip0617/2006023523.html">http://www.loc.gov/catdir/toc/ecip0617/2006023523.html</a>
906 ## - ELEMENTOS DE DATOS F LOCAL, LDF (RLIN)
a 7
b cbc
c orignew
d 1
e ecip
f 20
g y-gencatlg
942 ## - ELEMENTOS DE ENTRADA SECUNDARIOS (KOHA)
Fuente del sistema de clasificación o colocación Clasificación de Library of Congress
Tipo de ítem Koha Libro
Suprimir en OPAC No
Holdings
Estatus retirado Estado de pérdida Fuente del sistema de clasificación o colocación Estado de daño No para préstamo Colección Biblioteca de origen Biblioteca actual Ubicación en estantería Fecha de adquisición Total checkouts Signatura topográfica completa Código de barras Visto por última vez Copia número Precio de reemplazo Tipo de ítem Koha
    Clasificación de Library of Congress     Automatización y Procesos Técnicos Biblioteca Juan Bosch Biblioteca Juan Bosch Automatización y Procesos Técnicos (1er. Piso) 24/04/2026   PN2053 C734c 2006 00000199057 24/04/2026 1 24/04/2026 Libro